Statistics for Where Was That Battle Fought? - #2

Click here to take the quiz!

General Stats

  • This quiz has been taken 19 times
  • The average score is 10 of 20

Answer Stats

BattleAnswer% Correct
Battle of Tours (732)France
100%
Battle of Hastings (1066)UK
95%
Battle of the Little Bighorn (1876)USA
95%
Battle of Thermopylae (480 BC)Greece
89%
Battle of Teutoburg Forest (9 AD)Germany
84%
First Battle of El Alamein (1942)Egypt
63%
Battle of Shiroyama (1877)Japan
58%
Battle of Tannenberg (1914)Poland
58%
Battle of Guadalcanal (1942-1943)Solomon Islands
58%
Battle of Huế (1968)Vietnam
58%
Battle of Passchendaele (1917)Belgium
53%
Battle of Nicopolis (1396)Bulgaria
32%
Battle of Hattin (1187)Israel
32%
Battle of Sainte-Foy (1760)Canada
26%
Battle(s) of the Isonzo (1915-1917)Italy/Slovenia
26%
Battle of the Yarmuk (636)Syria
26%
Battle of Boyacá (1819)Colombia
16%
Battle of Yamen (1279)China
11%
Battle of Adwa (1896)Ethiopia
11%
Battle of Tuyutí (1866)Paraguay
11%

Score Distribution

Percentile by Number Answered

Percent of People with Each Score

Your Score History

You have not taken this quiz